MDQL
is popping MORE tags! Check the
thread
!
Quizzes
Events
Quiz Creation
Community
Videos
Private Events
Remove Ads
Sign In
Join for FREE
Feedback
Dark Mode
Quiz Categories
Sports
Geography
Music
Movies
Television
Just For Fun
Miscellaneous
History
Literature
Language
Science
Gaming
Entertainment
Religion
Holiday
For Kids
Quiz Lab
Recent
Popular Today
Quiz Kudos Today
Editor Picks
Curator Picks
Quizzes by...
Day
Popularity
Type
Ratings
Length
Year
Community
Subscriptions
Recent Discussions
Orange Saloon
Badges
Playlists
Quests
Create
Leaderboards
Showdown
Live 5
Trivia Bingo
Activity
Puzzle Library
Sporcle Events
Private Events
Virtual Trivia
Globe League
Become a Host
Pub Owners
SporcleCon
Opinionation
Our Games
Videos
Blog
Mobile Apps
Partnerships
Remove Ads and Go Orange
Feedback
Music
Pop Music
The Beatles
Song
Album
Lyrics
Bands
Singers
Artist
Clip
Rock
Rap
Classical
Billboard
Country Music
Kpop
Taylor Swift
Music
Pop Music
The Beatles
Song
Album
Lyrics
Bands
Singers
Artist
Clip
Rock
Rap
Classical
Billboard
Country Music
Kpop
Taylor Swift
Random Quiz
Search Sporcle
×
Quiz Lab
Quiz Lab
Music
Style
Type in answers that appear in a list
Type in answers that appear in a list
Classic
Best Score? Go Orange.
The Fashion of Music Stats
Can you name the artists by their signature outfits?
By
Babomomebeo
7m
20 Questions
1,034 Plays
1,034 Plays
1,034 Plays
Comments
Comments
Give Quiz Kudos
Give Quiz Kudos
-
- Ratings
hide this ad
More Info
Replay
Link that replays current quiz
Next Quiz
Link to next quiz in quiz playlist
You Got
0%
They Got
Avg Score
25%
Avg Friend Score
Upgrade to see
Score Distribution
Jump to the score distribution portion of the page
Score
0/20
Timer
07:00
0
Plays Today
Artist
% Correct
Michael Jackson
92.1%
Prince
75.6%
Elvis Presley
72.1%
KISS
51.3%
Run–D.M.C.
44.1%
Kurt Cobain
34.5%
The Beatles
27.9%
Kanye West
23.8%
Jimi Hendrix
19.8%
Pharrell Williams
15%
Artist
% Correct
Johnny Cash
12.4%
The Ramones
10.3%
Andre 3000
9.6%
Bob Dylan
7.4%
Brandon Flowers
4.7%
Jim Morrison
4.5%
Pete Doherty
3.2%
Marvin Gaye
2.7%
Miles Davis
1.5%
Chet Baker
0.6%
Quiz Playlist
Details
Report
Send in Message
Add To Playlist
More Info:
Individual or group names are accepted.
Classic:
Type in answers that appear in a list
Quiz Source
Last Updated: Feb 16, 2017
Quiz Scoreboard
CHALLENGE
Sign Up to Join the Scoreboard
Show All
Scores
Hide
Comments
May contain spoilers
Recently Published
Holiday 10x10 Sorting Gallery
by lukepisani3
Holiday
15m
Two Season TV Shows II
by 123Four
Television
10m
Image Sorting: Flags VI
by Barbecue
Geography
2m
More to Explore
Quiz From the Vault
Featured Blog Post
14 Easter Pick-up Lines to Find Eggs With
hide this ad
You Might Also Like...
Tags
Clothing
fashion
Style
Today's Top Quizzes in Music
Browse Music
hide this ad
Today's Top Quizzes in Style
Browse Style
Top Contributed Quizzes in Music
1
5X2 Blitz: Bands II
2
Taylor Swift All Songs (2024)
3
5X2 Blitz: The Beatles
4
5X2 Blitz: Billboard
5
Music Artist by Three 2010s hits
6
5X2 Blitz: Billboard II
7
Singers Born in the 1930s
8
5X2 Blitz: Album
9
5X2 Blitz: Rock
10
5X2 Blitz: Singers
Explore More
Trending Topics
NBA
Disney
Crossword
Anime
Kpop
Harry Potter
Marvel
Country
Pokémon
Puzzle
The Office
Soccer
WWE
NFL
Song
hide this ad
More By:
Babomomebeo
Quiz
Plays
Rating
Category
Featured
Created
Colors But Not Presidents MINEFIELD
5,297
3.52
Miscellaneous
Aug 1, 2011
Barrios of Buenos Aires
1,166
4.71
Geography
Sep 9, 2010
The Fashion of Music
1,034
3.82
Music
Nov 16, 2010
Football Translation Challenge
137
5.00
Sports
Oct 25, 2010
Jewish Sports Hall of Fame
121
4.50
Sports
Jun 16, 2010
Go to Creator's Profile
Score Distribution
Quiz Creator Spotlight
Babomomebeo
Follow
Send a Message
Quizzes Created
-
Created Quiz Play Count
-
More By This Creator
Popular Quizzes Today
1
Find the US States - No Outlines Minefield
2
Colored Red Africa Blitz
3
Find the 'City' Movie
4
The Countries of the World
5
Find the US States
6
5x2 Blitz: Bands
7
Find the Countries of Europe - No Outlines Minefield
8
US States
More Music Quizzes
Odd One Out: 4th Gen Kpop Title Tracks
Quiz Lab
Trending Quizzes
Colored Red Europe Blitz I
Colored Red Europe Blitz II
Colored Red Africa Blitz II
Colored Red Europe Blitz III
Colored Red Africa Blitz III
Recently Updated
Odd Team Out - Big 4 Players
pecheneg
Quick Pick: 20 Twenties
pecheneg
March Madness Men's Triple Doubles
pecheneg
How Do You Spell That?
pecheneg
Godzilla Movies
pecheneg
Grab Bag: 4-10 Letters
pecheneg
2024 March Madness Bracket
pecheneg
Famous TV Couples
Peacemaker
Champions League XIs: Real Madrid
pecheneg
Largest US Cities 1790-2010
pecheneg
Trending Topics
Crossword
Marvel
Harry Potter
Kpop
NBA
Anime
Disney
Song
Pokémon
Soccer
Puzzle
WWE
The Office
NFL
Country
Your Account Isn't Verified!
In order to create a playlist on Sporcle, you need to verify the email address you used during registration. Go to your
Sporcle Settings
to finish the process.
Report this User
Report this user for behavior that violates our
Community Guidelines
.
Details:
Send Report
Go to the Sporcle.com Mobile Site →
Comments